Представление документа в формате RUSMARC

ПолеНазваниеЗначение
  Тип записи a
  Библиографический уровень m
001 Контрольный номер UONB/MAIN/d2879593daba42de9df2d8a0164bcf22
005 Дата корректировки 20260414162723.0
100 Данные общей обработки __
a Данные общей обработки 20260414g2005 u u0rusy0189 ca
101 Язык документа 0_
a Язык текста rus
102 Страна публикации __
a Страна публикации RU
105 Кодированные данные (монография) __
a Кодированные данные (монография) a z 000yy
200 Заглавие и сведения об ответственности 1_
a Заглавие Большая Российская энциклопедия
e Сведения, относящиеся к заглавию в 30 томах
f Первые сведения об ответственности редакторы Ю. С. Осипов, С. Л. Кравец
203 Вид содержания и тип средства __
a Вид содержания Текст
b Характеристика содержания визуальный
c Тип средства непосредственный
210 Выходные данные 1_
a Место издания Москва
c Издательство БРЭ
d Дата издания 2005-
215 Физическое описание __
d Формат 29 см
702 Вторичная интеллектуальная ответственность _1
a Фамилия Осипов
b Имя (инициалы) Ю. С.
4 Код отношения 340
702 Вторичная интеллектуальная ответственность _1
a Фамилия Кравец
b Имя (инициалы) С. Л.
4 Код отношения 340
801 Источник записи _0
a Страна RU
b Организация Ульяновская ОНБ
c Дата составления 20260414
g Правила каталогизации RCR
801 Источник записи _1
a Страна RU
b Организация Ульяновская ОНБ
c Дата составления 20260414
g Правила каталогизации RCR
901 Тип документа __
t Тип документа v
909 Создатель записи __
a Создатель записи Седова
b Дата создания записи 20260414